000
00284nam a2200109Ia 4500
008
171211s9999 xx 000 0 und d
245
_a
COM+ Developer's Guide
245
_c
John Mueller
260
_c
2000
650
_x
SOFTWARE
856
_u
http://down.ebook777.com/062/007212086X.pdf
999
_c
349330
_d
349330